Geography Quiz

Random Geography or Blitz Quiz
Score 0/12 Timer 01:00
0 Plays Today
% Correct
China
81.2%
Chile
79.6%
United States of America
78.6%
Belgium
78%
Madagascar
77.3%
Dominican Republic
74.9%
Zimbabwe
74.4%
Rwanda
73.8%
Kyrgyzstan
63.6%
Tuvalu
62.2%
Guinea Bissau
60.1%
Kiribati
58.1%
Remove Ads.
Support Sporcle.
Get the best of Sporcle when you Go Orange. This ad-free experience offers more features, more stats, and more fun while also helping to support Sporcle. Thank you for becoming a member.

You're not logged in!

Compare scores with friends on all Sporcle quizzes.
OR
Log In

Show Comments

Extras

Top Quizzes Today


Score Distribution

Your Account Isn't Verified!

In order to create a playlist on Sporcle, you need to verify the email address you used during registration. Go to your Sporcle Settings to finish the process.

Report this User

Report this user for behavior that violates our Community Guidelines.

Details: